1451 1860 1230 1623 1415 1651 1800 1971 1641 1790 1070 1619 1285 1777 1089 1555 1187 1020 1346 1805 1425 1104 1722 1962 1831 1792 1293 1301 1023 1543 1576 1654 1513 1181 1317 1621 1441 1968 1800 1526 1679 1531 1728 1551 1911 1865 1192 1251 1193 1565 1418 1253 1911 1021 1149 1339 1865 1801 1704 1344 1446 1101 1728 1344 1785 1431 1093 1061 1905 1714 1630 1883 1924 1087 1035 1242 1641 1120 1697 1290 1372 1684 1406 1470 1828 1365 1236 1953 1931 1788 1471 1447 1373 1481 1030 1551 1492 1869 1981 BCNSPRNW ULIB Ver.6.0+V

เปลี่ยนเป็นภาษาไทย

Change to English
 แสดงรายละเอียดบรรณานุกรม
  กลับหน้าหลัก

Brief Record : Get Marc (ISO 2709) : E-mail record : QR code < ปิดหน้าต่าง
LEADER : 00000nam a2200000Ia 4500
001    13399125410
003     ULIB
008    170526s2559 th a b 000 0 tha d
020    ^a9786167388939
060 04 ^aWF415^bว711
100 0  ^aพิรังกูร เกิดพาณิช
245 10 ^aวัณโรคในเด็กทางคลินิก :^bตำราสำหรับบุคลากรทางการแพทย์และผู้สนใจ /^cพิรังกูร เกิดพาณิช
250    ^aพิมพ์ครั้งที่ 1
260    ^aกรุงเทพฯ :^bโครงการตำรา วิทยาลัยแพทยศาสตร์พระมงกุฎเกล้า,^c2559,
300    ^a347 หน้า :^bภาพประกอบ ;^c27 ซม.
650  2 ^aTuberculosis, Pulmonary
650  2 ^aChild
650  4 ^aวัณโรคในเด็ก
650  4 ^aวัณโรคปอด
710 2  ^aวิทยาลัยแพทยศาสตร์พระมงกุฎเกล้า.^bโครงการตำรา
945    ^p500^l0^i24489
945    ^p500^l0^i24491
995    ^aกัณชพร
999    ^aกัณชพร
รายการนี้ยังไม่มีแท็ก
คุณยังไม่ได้ล็อกอิน คุณสามารถมีกิจกรรมร่วมกับเว็บไซต์ได้ แต่ต้องล็อกอินก่อน ::
  ล็อกอิน

รายการสื่อสารสนเทศ

ลำดับที่ ประเภท เลขเรียก/บาร์โค้ด สถานที่ สถานะ
1. หนังสือสำรอง
หนังสือสำรอง
สถานะ=หนังสือเก่า
WF415 ว711 ฉ.1 
  Barcode: 24489
ห้องสมุดวิทยาเขตนครสวรรค์
►ส่วนจัดเก็บหนังสือเก่า นว.
บนชั้น
  ขอยืม
2. วิทยาศาสตร์การแพทย์ และสุขภาพ
วิทยาศาสตร์การแพทย์ และสุขภาพ
สถานะ=หนังสือเก่า
WF415 ว711 ฉ.2 
  Barcode: 24491
ห้องสมุดวิทยาเขตนครสวรรค์
►ส่วนจัดเก็บหนังสือเก่า นว.
บนชั้น
  ขอยืม

รายการใกล้เคียง
    ผู้แต่ง [พิรังกูร เกิดพาณิช]

    หัวเรื่อง [Child]

BibComment


ยังไม่เคยถูกคอมเมนท์

คอมเมนท์ทรัพยากรรายการนี้
  คอมเมนท์: วัณโรคในเด็กทางค..


 Copyright 2026. Bcnsprnw @Library